Pachacámac : (Registro nro. 271)

Detalles MARC
000 -Cabecera
Campo de control interno 00699nam a2200229Ia 4500
005 - Fecha y hora del registro
control field 20251226111833.0
008 - Elementos de Longitud Fija
fixed length control field 251203t2006||||xx |||||||||||||| ||spa||
020 ## - ISBN
ISBN 9972976572
041 ## - Idioma
Codigo Idioma Español-Inglés
082 ## - DEWEY y NOTACIÓN INTERNA
Dewey 985.2
Notación Interna B17
100 ## - AUTOR
Autor denominación Balaguer, Alejandro
Títulos y otras palabras asociadas con el nombre AUT
245 #0 - TÍTULO DE MATERIAL BIBLIOGRÁFICO
Título Pachacámac :
Título paralelo develando el misterio del Valle de Lurín
246 ## - TÍTULO TRADUCIDO
Título Pachacámac : unveiling the mystery of the Lurin Valley
Autor Yonz Martínez, Antonio
250 ## - EDICIÓN
Edición Primera edición
260 ## - CIUDAD, EDITORIAL, AÑO
Ciudad Lima :
Nombre de la Editorial Graph & Consult
Año 2006
300 ## - DESCRIPCIÓN
N° Páginas 198 páginas :
Otros detalles ilustraciones ;
Dimensiones 28 cm.
650 ## - TEMAS
Temas Geografía
653 ## - DESCRIPTORES
Lenguajes no controlado Pachacamac, Lima (Perú); Historia
654 ## - PROGRAMAS
Programa Todos los programas
942 ## - ELEMENTOS DE KOHA
Tipo de documento Libro
Nombre del creador Justo Noguera
Código de catalogador Mirtha Ponce
Esquema de clasificación Dewey Decimal Classification
Existencias
Codigo completo Registro Colección Copia número Disponibilidad Tipo de préstamo Biblioteca Actual Procedencia (Biblioteca) Ubicacón Fecha Ingreso Tipo de Adquisición Date last seen Total checkouts Price effective from Tipo de Item Estado del Material Fuente de Clasificación Damaged status Withdrawn status
985.2 B17 1085150 Colección Vera Bejar 1   Restringido Víctor Andrés Belaunde Víctor Andrés Belaunde Planta baja cerrada 03/12/2025 Donación 03/12/2025   03/12/2025 Libro Bueno Dewey Decimal Classification   Withdrawn